ბათუმის შოთა რუსთაველის სახელმწიფო უნივერსიტეტის ბიბლიოთეკა

ბათუმის შ. რუსთაველის სახ-ფო უნივერსიტეტი. ნიკო ბერძენიშვილის ინსტიტუტი. შრომები X (ბიბ.ჩანაწერი № 49250)

000 -LEADER
fixed length control field 01140nam a2200229Ia 4500
001 - CONTROL NUMBER
control field 16164
003 - CONTROL NUMBER IDENTIFIER
control field GE_BSU
008 - FIXED-LENGTH DATA ELEMENTS--GENERAL INFORMATION
fixed length control field 181216s||||||||xx |||||||||||||| ||und||
040 ## - CATALOGING SOURCE
Transcribing agency GE_BSU
080 ## - UNIVERSAL DECIMAL CLASSIFICATION NUMBER
Universal Decimal Classification number 378(063)
245 ## - TITLE STATEMENT
Title ბათუმის შ. რუსთაველის სახ-ფო უნივერსიტეტი. ნიკო ბერძენიშვილის ინსტიტუტი. შრომები X
245 ## - TITLE STATEMENT
Statement of responsibility, etc. სარედ.საბჭო ბ.დიასამიძე, ო. თურმანიძე. ნ.ინაიშვილი და სხვ.
260 ## - PUBLICATION, DISTRIBUTION, ETC.
Place of publication, distribution, etc. ბათუმი
260 ## - PUBLICATION, DISTRIBUTION, ETC.
Name of publisher, distributor, etc. ბსუ
260 ## - PUBLICATION, DISTRIBUTION, ETC.
Date of publication, distribution, etc. 2014
300 ## - PHYSICAL DESCRIPTION
Extent 273გვ. ილ.27სმ.
653 ## - INDEX TERM--UNCONTROLLED
Uncontrolled term ბათუმის შ. რუსთაველის სახ-ფო უნივერსიტეტი
653 ## - INDEX TERM--UNCONTROLLED
Uncontrolled term ნიკო ბერძენიშვილის.ინსტ. დაარს. 55 წლისთავის. მიძღვნ. საიუბილეო მასალები
653 ## - INDEX TERM--UNCONTROLLED
Uncontrolled term შრომები X
942 ## - ADDED ENTRY ELEMENTS (KOHA)
Koha item type წიგნი
ეგზემპლარები
Withdrawn status Lost status Damaged status Not for loan Date acquired Barcode Date last seen Price effective from Koha item type
        2018-12-17 40456 2018-12-17 2018-12-17 წიგნი
        2018-12-17 40457 2018-12-17 2018-12-17 წიგნი
        2018-12-17 40458 2018-12-17 2018-12-17 წიგნი
        2018-12-17 40459 2018-12-17 2018-12-17 წიგნი
        2018-12-17 40460 2018-12-17 2018-12-17 წიგნი
        2018-12-17 40461 2018-12-17 2018-12-17 წიგნი
        2018-12-17 40462 2018-12-17 2018-12-17 წიგნი
        2018-12-17 40463 2018-12-17 2018-12-17 წიგნი
        2018-12-17 40464 2018-12-17 2018-12-17 წიგნი
        2018-12-17 40465 2018-12-17 2018-12-17 წიგნი